[Event "GER-chT Youth Countries 2018"]
[Site "Wurzburg"]
[Date "2018.10.06"]
[Round "6"]
[White "Wu, Leon"]
[Black "Pubantz, Jan"]
[Result "0-1"]
[WhiteElo "2009"]
[BlackElo "2084"]
[Annotator "NA RC"]
[PlyCount "90"]
[EventDate "2018.10.03"]
[EventType "team-tourn"]
[EventCountry "GER"]
[SourceTitle "playchess.com"]
[Source "ChessBase"]
[SourceQuality "1"]
[TimeControl "40/5400+30:1800+30"]

{[%evp 12,79,29,8,27,32767,32767,32767,32767,29,34,27,30,31,36,-40,-33,-22,-33,-54,-60,-56,-35,-56,8,16,2,0,0,0,0,-40,-28,-36,-42,-33,-24,-79,-96,-90,-141,-99,-85,-81,32767,32767,32767,32767,-86,-90,-88,-173,-163,-144,-136,-441,-529,-479,-551,-749,-962,-1592,-529,32767,32767,32767,32767,-12843,-29970,-5057]} 1. e4 {[%emt 0:00:00]} c5 {[%emt 0:00:00]} 2. Nf3 {[%emt 0:00:00]} d6 {[%emt 0:00:00]} 3. d4 {[%emt 0:00:00]} cxd4 {[%emt 0:00:00]} 4. Nxd4 {[%emt 0:00:00]} Nf6 {[%emt 0:00:00]} 5. f3 {[%emt 0:00:04]} e5 {[%emt 0:03:27]} 6. Nb3 {[%emt 0:00:37]} d5 {[%emt 0:11:28]} 7. Bg5 {[%emt 0:00:40]} Be6 {[%emt 0:00:10]} 8. Bxf6 {[%emt 0:00:25]} gxf6 {[%emt 0:00:13]} 9. exd5 {[%emt 0:00:09]} Qxd5 {[%emt 0:00:06]} 10. Qxd5 {[%emt 0:00:23]} Bxd5 {[%emt 0:00:05]} 11. Nc3 {[%emt 0:00:11]} Be6 {[%emt 0:02:49] LiveBook: 108 Games} 12. O-O-O {[%emt 0:00:21] B55: Sicilian: 2...d6 3 d4 cxd4 4 Nxd4 Nf6 5 f3} (12. Nb5 Kd8 13. O-O-O+ Kc8 14. Nc3 Nd7 15. Nd5 h5 16. Bb5 Bxd5 17. Bxd7+ Kxd7 18. Rxd5+ Ke6 19. Rhd1 h4 20. Kb1 Rg8 21. c4 Rxg2 22. Nd4+ Ke7 23. f4 Rxh2 24. Nf5+ Ke6 25. Nd4+ Ke7 26. Nf5+ Ke6 {½-½ (26) Nabaty,T (2690)-Sjugirov,S (2652) Batumi 2018}) 12... Nc6 {[%emt 0:04:05]} 13. Nd5 {[%emt 0:03:15]} (13. Bb5 $14) 13... Bh6+ {[%emt 0:10:42]} 14. Kb1 {[%emt 0:01:54]} O-O-O {[%emt 0:00:58]} 15. Nc3 {[%emt 0:14:04]} Rxd1+ {[%emt 0:00:09]} 16. Nxd1 $146 {[%emt 0:00:07]} Rd8 {[%emt 0:08:52]} 17. Nc3 {[%emt 0:02:45]} Bxb3 {[%emt 0:20:16]} ({Black should try} 17... Be3 $15) 18. axb3 {[%emt 0:01:53]} Rd2 {[%emt 0:01:07]} 19. g3 {[%emt 0:42:10]} Nd4 {[%emt 0:02:40]} 20. Bd3 {[%emt 0:01:12]} Nxf3 {[%emt 0:06:49]} 21. Bxh7 {[%emt 0:02:23]} Rxh2 {[%emt 0:03:48]} 22. Rxh2 {[%emt 0:00:21]} Nxh2 {[%emt 0:00:05]} 23. Ne4 {[%emt 0:01:43]} Bg7 24. Bg8 {[%emt 0:01:40]} Kd7 {[%emt 0:05:14]} 25. Bxf7 {[%emt 0:01:26]} f5 {[%emt 0:02:02]} 26. Nf2 {[%emt 0:01:20]} e4 {[%emt 0:02:28]} 27. Bg6 {[%emt 0:20:55]} Ke6 {[%emt 0:00:14]} 28. g4 {[%emt 0:00:26]} Nxg4 {[%emt 0:00:23]} 29. Nxg4 {[%emt 0:00:09]} fxg4 {[%emt 0:00:09]} 30. Bxe4 {[%emt 0:00:05]} b6 {[%emt 0:10:48]} 31. c3 {[%emt 0:03:17]} (31. Kc1 $17 {was necessary.}) 31... Ke5 {[%emt 0:00:30]} 32. Bb7 {[%emt 0:01:18]} Kf4 {[%emt 0:00:08]} 33. Ka2 $2 {[%emt 0:00:44] [#]} (33. b4 $17 {is more resistant.}) 33... a5 $1 {[%emt 0:02:41]} 34. Ka3 {[%emt 0:00:08]} Bf8+ {[%emt 0:00:51]} 35. Ka4 {[%emt 0:00:42]} Bc5 {[%emt 0:01:24]} 36. Kb5 {[%emt 0:00:19]} Kg3 {[%emt 0:00:29]} 37. Ka4 {[%emt 0:00:41]} Kf2 {[%emt 0:00:09]} 38. b4 {[%emt 0:00:36]} axb4 {[%emt 0:00:07]} 39. cxb4 {[%emt 0:00:33]} Be3 {[%emt 0:00:09]} 40. Kb3 {[%emt 0:00:24]} g3 {[%emt 0:00:06]} 41. Ka4 {[%emt 0:08:39]} g2 {[%emt 0:00:12]} 42. Bxg2 {[%emt 0:01:40]} Kxg2 {[%emt 0:00:05]} 43. b3 {[%emt 0:02:46]} Kf3 {[%emt 0:00:11]} 44. Kb5 {[%emt 0:00:47]} Ke2 {[%emt 0:00:50]} 45. Ka4 {[%emt 0:03:24]} Kd3 {[%emt 0:00:14]} 0-1

[Event "GER-chT Youth Countries 2018"]
[Site "Wurzburg"]
[Date "2018.10.06"]
[Round "6"]
[White "Keyser, Robin"]
[Black "Koelle, Tobias"]
[Result "1/2-1/2"]
[WhiteElo "1999"]
[BlackElo "2125"]
[Annotator "TA"]
[PlyCount "83"]
[EventDate "2018.10.03"]
[EventType "team-tourn"]
[EventCountry "GER"]
[SourceTitle "playchess.com"]
[Source "ChessBase"]
[SourceQuality "1"]

{[%evp 17,83,58,61,37,89,58,83,83,83,83,86,77,76,76,135,137,137,135,129,135,171,152,156,135,134,91,95,74,81,85,90,88,117,93,73,53,58,25,32,32,32,32,32,32,51,39,41,43,59,25,25,20,21,17,22,14,14,7,7,7,7,7,7,7,7,7,7,7]} 1. d4 d5 2. c4 c6 3. Nf3 Nf6 4. Nbd2 {[%cal Bb1d2,Bd2c4,Bc4e5][%mdl 32]} e6 5. g3 dxc4 (5... Be7 6. Bg2 O-O 7. O-O b6 8. b3 Bb7 9. Bb2 Nbd7 10. Rc1 Rc8 11. e3 dxc4 12. Nxc4 c5 13. Qe2 cxd4 14. Nxd4 Bxg2 15. Kxg2 a6 16. Nf3 b5 17. Nce5 Qb6 18. Nxd7 {½-½ (18) Dubov,D (2691)-Korobov,A (2664) Abu Dhabi 2018}) 6. Nxc4 {D30: Damengambit (ohne Sc3)} Be7 7. Bg2 O-O 8. O-O b5 9. Nce5 Bb7 {LiveBook: 3 Partien} 10. Qc2 Qb6 (10... c5 $14) 11. Bg5 h6 12. Bxf6 Bxf6 13. Rfd1 Rd8 14. e3 $146 ({Vorgänger:} 14. Rac1 Na6 15. a3 Rac8 16. b4 Bxe5 17. Nxe5 Rxd4 18. e3 Rxd1+ 19. Rxd1 Nb8 20. Qd3 Qc7 21. f4 c5 {½-½ (21) Thuesen,M (2250)-Olesen,M (2340) Copenhagen 1995}) 14... Na6 15. Nd3 $36 {[%mdl 2048] Schwarz steht unter starkem Druck.} Rac8 ({Lieber} 15... Be7) 16. b4 $16 Be7 17. a3 Nb8 18. Nc5 Bxc5 19. dxc5 Qc7 20. Rxd8+ Rxd8 21. Rd1 a5 22. Rxd8+ Qxd8 23. Nd4 {Und Sxb5! würde nun gewinnen.} axb4 24. axb4 Qc8 25. Qe4 {Sxb5! ist eine echte Drohung.} Na6 26. Nc2 (26. Nb3 {seems wilder.} Qd8 27. Bf3 Ba8 28. Kg2 Qd5 29. Qb1) 26... Qd7 27. Qd4 (27. Bf3 {with more complications.} Qd2 28. h4 Kh8 29. Bh5 Kg8 30. Kg2) 27... Qxd4 28. exd4 $11 {[%mdl 4096] Endspiel KLS-KLS} Kf8 29. Kf1 Ke7 30. Ke2 Kd7 31. Kd3 Bc8 32. Kc3 f6 33. Ne1 Nc7 34. Nd3 Nd5+ {Die Stellung ist ausgeglichen.} 35. Bxd5 exd5 {KL-KS} 36. Kd2 Ke7 37. h4 Bf5 38. Nc1 g5 39. Nb3 Kd7 40. Ke3 Bc2 41. Na5 Kc7 42. Kd2 {Precision: Weiß = 50%, Schwarz = 57%.} 1/2-1/2

[Event "GER-chT Youth Countries 2018"]
[Site "Wurzburg"]
[Date "2018.10.06"]
[Round "6"]
[White "Hommer, Jeremy"]
[Black "Basovskiy, Jana"]
[Result "1-0"]
[WhiteElo "1983"]
[BlackElo "1772"]
[Annotator "NA RC"]
[PlyCount "117"]
[EventDate "2018.10.03"]
[EventType "team-tourn"]
[EventCountry "GER"]
[SourceTitle "playchess.com"]
[Source "ChessBase"]
[SourceQuality "1"]
[TimeControl "40/5400+30:1800+30"]

{[%evp 21,102,-9,-3,-48,-25,-52,-53,-52,-32,-41,-34,-58,-41,-31,-30,-85,-83,-87,-79,-87,6,0,11,7,97,0,-7,-25,-11,-29,-30,-71,-61,-54,89,51,63,63,62,60,62,53,95,68,66,64,148,32767,157,95,104,106,96,32767,32767,32767,32767,32767,112,117,116,120,146,139,154,176,280,174,189,196,222,236,208,218,295,262,253,262,291,308,322,350,396]} 1. d4 {[%emt 0:00:00]} Nf6 {[%emt 0:00:00]} 2. Bf4 {[%emt 0:00:00]} e6 {[%emt 0:00:00]} 3. e3 {[%emt 0:00:00]} d5 {[%emt 0:00:00]} 4. Nd2 {[%emt 0:00:01]} c5 {[%emt 0:00:09]} 5. c3 {[%emt 0:00:13]} Nc6 {[%emt 0:00:07]} 6. Ngf3 {[%emt 0:00:15]} Bd6 {[%emt 0:00:32]} 7. Bg3 {[%emt 0:00:18]} O-O {[%emt 0:00:15]} 8. Bd3 {[%emt 0:00:12]} b6 {[%emt 0:00:23]} 9. O-O {[%emt 0:01:10] D02: 1 d4 d5 2 Nf3 sidelines, including 2...Nf6 3 g3 and 2...Nf6 3 Bf4} (9. e4 Be7 10. e5 Nh5 11. Nf1 cxd4 12. Nxd4 Nxd4 13. cxd4 g6 14. Ne3 f5 15. exf6 Bxf6 16. Be2 Nxg3 17. hxg3 {½-½ (37) Nakamura,H (2787)-Svidler,P (2760) Moscow 2018}) 9... Bb7 {[%emt 0:01:12]} 10. Ne5 {[%emt 0:00:59]} Rc8 {[%emt 0:00:49]} 11. f4 {[%emt 0:01:51]} Ne7 {[%emt 0:00:36] LiveBook: 9 Games} 12. Bf2 {[%emt 0:00:42]} Ne4 $146 {[%emt 0:17:23]} ({Predecessor:} 12... Qc7 13. Bh4 Ne4 14. Bxe7 Qxe7 15. Rf3 f6 16. Ng4 f5 17. Ne5 Bxe5 18. fxe5 Qg5 19. Qe2 cxd4 20. cxd4 Rc7 21. Nb3 Rfc8 22. Raf1 {½-½ (22) Nedomansky,L (2070)-Skula,E (2235) Czech Republic 1996}) 13. Qe2 {[%emt 0:13:06]} f6 {[%emt 0:23:35]} 14. Nef3 {[%emt 0:02:35]} Bb8 {[%emt 0:06:43]} 15. Rad1 {[%emt 0:01:34]} Qe8 {[%emt 0:07:14]} 16. Bb1 {[%emt 0:05:21]} Nf5 {[%emt 0:03:21]} 17. Nxe4 {[%emt 0:09:15]} dxe4 {[%emt 0:00:33]} 18. Nh4 {[%emt 0:00:42]} cxd4 {[%emt 0:05:54]} 19. exd4 {[%emt 0:05:04]} Nd6 {[%emt 0:12:23]} ({Don't play} 19... Bxf4 $6 20. Bxe4 Bxe4 21. Qxe4 $11) 20. Be3 {[%emt 0:05:41]} Qb5 {[%emt 0:03:34]} (20... f5 $17 21. g3 Bd5) 21. Qxb5 {[%emt 0:01:08]} Nxb5 {[%emt 0:00:00]} 22. f5 {[%emt 0:01:21]} Kf7 {[%emt 0:04:00]} (22... exf5 $11 23. Nxf5 Kh8) 23. a4 {[%emt 0:02:18]} (23. fxe6+ $16 Kxe6 24. Nf5) 23... Nd6 $1 {[%emt 0:01:07]} 24. g4 {[%emt 0:03:43]} Bd5 {[%emt 0:06:31]} 25. fxe6+ {[%emt 0:00:52]} Bxe6 {[%emt 0:02:10]} 26. Nf5 {[%emt 0:01:10]} Nc4 {[%emt 0:01:57]} 27. Bc1 {[%emt 0:01:35]} Bxf5 {[%emt 0:01:05]} (27... g6 $15 {keeps the upper hand.} 28. Nh6+ Kg7 29. Bxe4 Nxb2 30. Bxb2 Kxh6) 28. gxf5 {[%emt 0:00:51]} Rfe8 {[%emt 0:00:42]} 29. Rde1 {[%emt 0:02:07]} e3 {[%emt 0:01:14]} 30. Ba2 {[%emt 0:00:41]} Kf8 $1 {[%emt 0:00:10]} 31. Re2 {[%emt 0:06:34]} Re4 {[%emt 0:00:54]} 32. Kg2 {[%emt 0:05:12]} Rh4 {[%emt 0:00:47]} 33. h3 {[%emt 0:01:11]} Re4 {[%emt 0:00:23]} ({Better is} 33... Nd2 $14) 34. Rf3 {[%emt 0:00:59]} Ree8 {[%emt 0:00:45]} 35. Kf1 {[%emt 0:05:13]} Re4 {[%emt 0:00:25]} 36. Bxe3 {[%emt 0:01:45]} Nxe3+ {[%emt 0:00:01]} 37. Rexe3 {[%emt 0:00:28]} Rxe3 {[%emt 0:00:03]} 38. Rxe3 {[%emt 0:00:13]} Re8 {[%emt 0:00:02]} 39. Be6 {[%emt 0:00:33]} g6 {[%emt 0:01:07]} 40. Kf2 {[%emt 0:02:25]} Bf4 {[%emt 0:01:07]} 41. Re2 {[%emt 0:30:41]} Kg7 {[%emt 0:07:21]} 42. Kf3 {[%emt 0:00:00]} Bd6 {[%emt 0:04:15]} 43. Ke4 {[%emt 0:00:00]} Bf8 {[%emt 0:06:55]} (43... h5 $142 44. Rc2 g5) 44. Kd3 {[%emt 0:00:00]} Kh6 {[%emt 0:01:36]} 45. Rg2 {[%emt 0:00:00]} Re7 {[%emt 0:03:47]} 46. Kc4 {[%emt 0:00:00]} Rc7+ {[%emt 0:01:08] [#]} 47. Kb5 $1 {[%emt 0:00:00]} Bd6 {[%emt 0:01:14]} 48. fxg6 hxg6 49. c4 {[%emt 0:00:00]} Re7 {[%emt 0:04:00]} 50. Re2 {[%emt 0:00:00]} Rc7 {[%emt 0:00:52]} 51. b4 {[%emt 0:00:00]} Kg7 $18 {[%emt 0:01:30]} 52. a5 {[%emt 0:00:00]} Re7 {[%emt 0:01:43]} 53. c5 {[%emt 0:00:00]} bxc5 {[%emt 0:00:40]} 54. bxc5 {[%emt 0:00:00]} Bf4 {[%emt 0:00:40]} 55. d5 {[%emt 0:00:00]} Be5 {[%emt 0:01:00]} 56. d6 {[%emt 0:01:05]} Re8 {[%emt 0:00:26]} 57. d7 {[%emt 0:03:58]} Rd8 {[%emt 0:00:02]} 58. Rxe5 {[%emt 0:02:50]} fxe5 {[%emt 0:00:35]} 59. c6 {[%emt 0:00:11]} 1-0

[Event "GER-chT Youth Countries 2018"]
[Site "Wurzburg"]
[Date "2018.10.06"]
[Round "6"]
[White "Yankelevich, Michael"]
[Black "Evering, Soeren"]
[Result "1-0"]
[WhiteElo "1961"]
[BlackElo "1854"]
[Annotator "NA RC"]
[PlyCount "114"]
[EventDate "2018.10.03"]
[EventType "team-tourn"]
[EventCountry "GER"]
[SourceTitle "playchess.com"]
[Source "ChessBase"]
[SourceQuality "1"]
[TimeControl "40/5400+30:1800+30"]

1. e4 {[%emt 0:00:00]} e5 {[%emt 0:00:00]} 2. Nf3 {[%emt 0:00:00]} Nc6 {[%emt 0:00:00]} 3. Bc4 {[%emt 0:00:00]} Nf6 {[%emt 0:00:16]} 4. Ng5 {[%emt 0:00:00]} d5 {[%emt 0:00:40]} 5. exd5 {[%emt 0:00:06]} Na5 {[%emt 0:00:52]} 6. Bb5+ {[%emt 0:00:32]} c6 {[%emt 0:00:36]} 7. dxc6 {[%emt 0:00:20]} bxc6 {[%emt 0:00:48]} 8. Bd3 {[%emt 0:00:22]} Be7 {[%emt 0:13:55] C58: Zweispringerspiel (Klassisches System)} (8... Nd5 9. Nf3 Bd6 10. O-O O-O 11. Re1 f5 12. Nxe5 Qf6 13. Nf3 g5 14. g3 f4 15. Nc3 fxg3 16. hxg3 Nxc3 17. dxc3 {½-½ (52) Kovalev,V (2639)-Demchenko,A (2660) Riadh 2017}) 9. O-O {[%emt 0:01:20]} O-O {[%emt 0:00:56]} 10. Nc3 {[%emt 0:01:40] LiveBook: 8 Games} h6 {[%emt 0:02:41]} 11. Nge4 {[%emt 0:01:52]} Nd5 {[%emt 0:05:33]} 12. Ng3 {[%emt 0:01:56]} f5 {[%emt 0:06:08]} 13. Be2 {[%emt 0:05:36]} Be6 {[%emt 0:07:36]} 14. d3 {[%emt 0:01:18]} Nxc3 $146 {[%emt 0:04:28]} ({Vorgänger:} 14... Rb8 15. Bf3 Qc7 16. Re1 Kh7 17. Bxd5 cxd5 {0-1 (59) Carrasco Fernandez,D (1799)-Quinones Mena,J (1954) Chile 2010}) 15. bxc3 {[%emt 0:00:31]} Qd6 {[%emt 0:16:20]} 16. a4 {[%emt 0:03:19]} Rfd8 {[%emt 0:04:01]} (16... Qc7 $14) 17. Bf3 {[%emt 0:01:24]} Rab8 {[%emt 0:02:31]} 18. Qe2 {[%emt 0:01:44]} Bf6 {[%emt 0:14:43]} 19. Ba3 {[%emt 0:02:01]} Qd7 {[%emt 0:02:26]} (19... c5 $16 {kämpft weiter.}) 20. Nh5 {[%emt 0:01:15]} Qf7 {[%emt 0:03:19]} 21. Bb4 $18 {[%emt 0:02:28]} Nb7 22. Bxc6 a5 23. Ba3 Rdc8 24. Bxb7 Rxb7 25. Nxf6+ Qxf6 26. Bd6 e4 27. Rfe1 Bd5 28. c4 Qxd6 29. cxd5 Qxd5 30. dxe4 Qxe4 31. Qa6 Qc6 32. Qxa5 Qxc2 33. Qd5+ Rf7 34. a5 Qc6 35. Qd3 Qd7 36. Qb3 Qb7 37. Qa2 Kh8 38. a6 Qa7 39. Qe6 Qd7 40. Qb3 Qa7 41. Qa4 Qd7 42. Qb4 Qa7 43. h3 Rb8 44. Qd6 Rb6 45. Re8+ Kh7 46. Qd3 Rff6 47. Qe3 Rf7 48. Ra8 Qxa8 49. Qxb6 Qa7 50. Qxa7 Rxa7 51. Kf1 Kg6 52. Ke2 Kf6 53. Kd3 Ke7 54. Kc4 Kd8 55. Kb5 Kc8 56. Kb6 Kb8 57. Re1 Rc7 1-0

[Event "GER-chT Youth Countries 2018"]
[Site "Wurzburg"]
[Date "2018.10.06"]
[Round "6"]
[White "Steffens, Oliver"]
[Black "Karsay, Pascal"]
[Result "*"]
[WhiteElo "1960"]
[BlackElo "2261"]
[Annotator "TA"]
[PlyCount "40"]
[EventDate "2018.10.03"]
[EventType "team-tourn"]
[EventCountry "GER"]
[SourceTitle "playchess.com"]
[Source "ChessBase"]
[SourceQuality "1"]

{[%evp 29,40,-22,-14,-52,-30,-36,-43,-37,-37,-60,-56,-98,-81]} 1. e4 e5 2. Nf3 Nc6 3. Bb5 a6 4. Bxc6 dxc6 5. O-O Bg4 6. h3 h5 7. d3 {[%cal Bd2d3,Bd3d4,Bd4e5][%mdl 32]} Qf6 8. Nbd2 Ne7 {[%cal Bg8e7,Be7g6,Bg6f4][%mdl 32]} 9. Re1 Ng6 10. d4 Nf4 11. dxe5 {C68: Ruy Lopez: Exchange Variation, sidelines} Qg6 12. Nh4 Bxd1 13. Nxg6 Nxg6 14. Rxd1 O-O-O 15. Re1 Nxe5 {[#] LiveBook: 20 Games} 16. Nb3 $146 ({Predecessor:} 16. a3 Bc5 17. Nf1 Bd4 18. Ne3 g6 {½-½ (26) Onischuk,A (2664)-Becerra Rivero,J (2575) Tulsa 2008}) 16... Bb4 17. c3 Be7 18. Be3 b6 19. Nd4 c5 20. Nf5 Bf6 *

[Event "GER-chT Youth Countries 2018"]
[Site "Wurzburg"]
[Date "2018.10.06"]
[Round "6"]
[White "Steffens, Oliver"]
[Black "Karsay, Pascal"]
[Result "0-1"]
[WhiteElo "1960"]
[BlackElo "2261"]
[Annotator "TA"]
[PlyCount "47"]
[EventDate "2018.10.03"]
[EventType "team-tourn"]
[EventCountry "GER"]
[SourceTitle "playchess.com"]
[Source "ChessBase"]
[SourceQuality "1"]

{[%evp 29,47,-14,-16,-47,-43,-59,-38,-30,-16,-57,-48,-78,-74,-96,-84,-72,414,148,455,302]} 1. e4 e5 2. Nf3 Nc6 3. Bb5 a6 4. Bxc6 dxc6 5. O-O Bg4 6. h3 h5 7. d3 {[%cal Bd2d3,Bd3d4,Bd4e5][%mdl 32]} Qf6 8. Nbd2 Ne7 {[%cal Bg8e7,Be7d5,Bd5f4][%mdl 32]} 9. Re1 Nd5 10. d4 Nf4 11. dxe5 {C68: Ruy Lopez: Exchange Variation, sidelines} Qg6 12. Nh4 Bxd1 13. Nxg6 Nxg6 14. Rxd1 O-O-O 15. Re1 Nxe5 {[#] LiveBook: 20 Games} 16. Nb3 $146 ({Predecessor:} 16. a3 Bc5 17. Nf1 Bd4 18. Ne3 g6 {½-½ (26) Onischuk,A (2664)-Becerra Rivero,J (2575) Tulsa 2008}) 16... Bb4 17. c3 Be7 18. Be3 b6 19. Nd4 c5 20. Nf5 Bf6 21. f4 Nc4 22. e5 c6 $2 {[%mdl 8192] [#]} (22... g6 $17) 23. b3 $2 (23. exf6 $18 {is the precise move to win.} gxf6 24. Bf2) 23... Na3 $2 {[%mdl 8192]} (23... Nxe3 $16 {is a better chance.} 24. Rxe3 g6) 24. Rad1 {[%mdl 32768] Precision: White = 21%, Black = 19%. . Loss on Time!?} 0-1

[Event "GER-chT Youth Countries 2018"]
[Site "Wurzburg"]
[Date "2018.10.06"]
[Round "6"]
[White "Wagner, Leopold Franziskus"]
[Black "Bluhm, Sonja Maria"]
[Result "0-1"]
[WhiteElo "1934"]
[BlackElo "2281"]
[Annotator "TA"]
[PlyCount "84"]
[EventDate "2018.10.03"]
[EventType "team-tourn"]
[EventCountry "GER"]
[SourceTitle "playchess.com"]
[Source "ChessBase"]
[SourceQuality "1"]

{[%evp 11,84,7,17,-1,2,-6,24,20,18,0,28,25,32,26,32,24,25,24,29,18,20,8,36,9,30,22,77,24,26,27,28,42,48,52,151,154,144,137,168,87,101,81,115,113,106,0,0,0,0,0,0,0,0,-25,0,-57,20,-16,0,0,0,-660,-652,-850,-833,-1150,-1133,-1141,-1145,-2268,-2257,-2000,-1967,-2184,-2103]} 1. e4 e5 2. Nf3 Nc6 3. Bb5 a6 4. Bxc6 dxc6 5. Nc3 Bc5 6. d3 Qd6 {LiveBook: 5 Games. C68: Ruy Lopez: Exchange Variation, sidelines} 7. Qe2 Ne7 8. Be3 Ng6 $146 {The position is equal.} ({Predecessor:} 8... Bb4 9. Qd2 c5 10. a3 Ba5 11. Bxc5 Qxc5 12. b4 Qd6 13. bxa5 Bg4 14. Ng1 {½-½ (23) Kutuzovic,B (2432)-Bozanic,I (2303) Pula 2000}) 9. Bxc5 Qxc5 10. Qe3 Qb4 11. O-O-O Bg4 12. h3 Bxf3 $1 13. Qxf3 Nf4 14. g3 Ne6 15. Qh5 Qd6 16. Rhf1 g6 17. Qe2 g5 18. Qh5 Qe7 (18... O-O-O $11 {keeps the balance.}) 19. Ne2 (19. h4 $16) 19... O-O-O 20. f4 exf4 21. gxf4 f6 22. fxg5 Nxg5 ({Black should play} 22... fxg5 $14 23. Rf7 Qe8) 23. h4 $16 Ne6 24. Qf5 Rhf8 25. Rf2 (25. Nf4 $18 Rfe8 26. Nh5) 25... Kb8 26. Rdf1 c5 27. Nc3 c6 28. e5 (28. Kb1 $16) 28... Nd4 $11 29. Qf4 {[%cal Re5f6]} fxe5 30. Qxf8 Rxf8 31. Rxf8+ Ka7 32. R8f6 Qg7 33. Ne4 (33. b3 $1 $11) 33... Kb6 (33... c4 $1 $15 34. dxc4 Qg2) 34. Rf7 ({Don't play} 34. c3 Ne2+ 35. Kc2 Nf4 $17) 34... Qg2 {[%csl Gd4][%cal Rg2c2] [#]} 35. R1f2 Qh1+ 36. Kd2 $2 {[%mdl 8192]} (36. Rf1 $11 Qh2 37. Nd2) 36... Qb1 $19 {Black is clearly winning.} 37. Kc3 Qxa2 {( -> ...Qa5+)} 38. b3 Qa1+ 39. Kd2 Qb2 40. Ng3 Qxc2+ 41. Ke3 Qc1+ 42. Ke4 Qe1+ {Precision: White = 49%, Black = 44%.} 0-1

[Event "GER-chT Youth Countries 2018"]
[Site "Wurzburg"]
[Date "2018.10.06"]
[Round "6"]
[White "Hommel, Niclas"]
[Black "Wu, Luka"]
[Result "1-0"]
[WhiteElo "1915"]
[BlackElo "2001"]
[Annotator "NA RC"]
[PlyCount "71"]
[EventDate "2018.10.03"]
[EventType "team-tourn"]
[EventCountry "GER"]
[SourceTitle "playchess.com"]
[Source "ChessBase"]
[SourceQuality "1"]
[TimeControl "40/5400+30:1800+30"]

{[%evp 19,70,12,43,20,24,30,46,49,41,30,46,-4,47,61,107,16,108,146,287,12,46,43,106,92,97,38,31,34,87,72,75,77,94,76,194,223,259,273,219,271,5698,50,29984,32767,29995,29996,29996,29997,29997,29998,29998,29999,29999]} 1. e4 {[%emt 0:00:00]} c5 {[%emt 0:00:00]} 2. Nf3 {[%emt 0:00:00]} d6 {[%emt 0:00:00]} 3. d4 {[%emt 0:00:00]} cxd4 {[%emt 0:00:00]} 4. Nxd4 {[%emt 0:00:00]} Nf6 {[%emt 0:00:00]} 5. Nc3 {[%emt 0:00:00]} a6 {[%emt 0:00:02]} 6. f3 {[%emt 0:00:00]} e5 {[%emt 0:00:18]} 7. Nb3 {[%emt 0:00:03]} Be7 {[%emt 0:00:21]} 8. Be3 {[%emt 0:00:21]} b5 {[%emt 0:00:52]} 9. Qd2 {[%emt 0:01:42]} Be6 {[%emt 0:00:42]} 10. O-O-O {[%emt 0:03:09]} (10. a4 $5 {[%cal Ra4b5]}) 10... O-O {[%emt 0:00:09]} 11. g4 {[%emt 0:01:21]} b4 {[%emt 0:00:10]} 12. Nd5 {[%emt 0:01:34]} Bxd5 {[%emt 0:00:24]} 13. exd5 {[%emt 0:00:06]} a5 $1 {[%emt 0:00:47]} 14. Kb1 {[%emt 0:02:46]} (14. Nc5 $5) 14... Qc7 {[%emt 0:02:56] LiveBook: 61 Games B90: Sicilian Najdorf: Unusual White 6th moves, 6 Be3 Ng4 and 6 Be3 e5} (14... Nbd7 15. Bb5 Nb6 16. Bc6 Nc4 17. Qe2 Nxe3 18. Qxe3 Ra6 19. f4 a4 20. Nc1 Nd7 21. Nd3 exf4 22. Qxf4 {0-1 (49) Vera Siguenas,D (2526)-Delgado Ramirez,N (2613) Medellin 2017}) 15. h4 {[%emt 0:20:02]} Nfd7 {[%emt 0:07:46]} 16. h5 {[%emt 0:04:12]} Na6 {[%emt 0:01:55]} 17. g5 {[%emt 0:02:04]} (17. Bb5 $16) 17... f5 {[%emt 0:01:12] [#]} (17... a4 $14 18. Nc1 a3) 18. g6 $1 $146 {[%emt 0:03:38]} ({Predecessor:} 18. gxf6 Bxf6 19. Bd3 a4 20. Nc1 a3 21. b3 e4 22. Bxe4 Ndc5 23. Bd4 Nxe4 24. fxe4 {1-0 (43) Triapkin,P (2346)-Gichurkin,S (2225) Uljanovsk 2007}) 18... f4 {[%emt 0:22:46] [#]} (18... a4 $16) 19. gxh7+ $2 {[%emt 0:00:53]} ({White has to play} 19. h6 $1 $18 {[%cal Rh6g7]} fxe3 20. Qh2) 19... Kh8 $1 {[%emt 0:02:07]} 20. Bf2 {[%emt 0:03:56]} Nac5 {[%emt 0:03:33]} (20... a4 $11 {keeps the balance.} 21. Nc1 a3) 21. Nxc5 {[%emt 0:09:15]} Nxc5 {[%emt 0:00:11]} 22. Bxc5 {[%emt 0:21:34]} (22. Bb5 $16) 22... Qxc5 {[%emt 0:01:31]} 23. Bd3 {[%emt 0:00:03]} Rfb8 {[%emt 0:12:21]} 24. Be4 {[%emt 0:05:01]} a4 {[%emt 0:01:49]} 25. Rdg1 {[%emt 0:00:09]} Bf6 {[%emt 0:01:41]} 26. Rg6 {[%emt 0:00:16]} b3 {[%emt 0:01:18]} (26... a3 $14 27. h6 Rb7 28. hxg7+ Bxg7) 27. cxb3 {[%emt 0:02:03]} axb3 {[%emt 0:26:01]} 28. a3 {[%emt 0:00:12]} Ra4 {[%emt 0:02:16]} 29. h6 {[%emt 0:02:30]} Rc4 $2 {[%emt 0:05:23]} (29... Qe3 30. Qe1 Qxe1+ 31. Rxe1 Ra7 32. hxg7+ Bxg7 33. Rxd6 Bf8) 30. hxg7+ {[%emt 0:00:36]} Bxg7 {[%emt 0:00:10]} 31. Rxg7 {[%emt 0:00:31]} Kxg7 {[%emt 0:01:43] [#]} 32. h8=Q+ $1 {[%emt 0:00:06]} Rxh8 {[%emt 0:00:07]} 33. Qg2+ {[%emt 0:00:04]} Kf8 {[%emt 0:02:38]} 34. Rxh8+ {[%emt 0:00:05]} Kf7 {[%emt 0:00:16]} 35. Qg6+ {[%emt 0:00:11]} Ke7 {[%emt 0:00:03]} 36. Qg7# {[%emt 0:00:07]} 1-0